000 00983nam a22002417a 4500
999 _c16850
_d16850
003 AR-CdUCM
008 190306b ||||| |||| 00| 0 spa d
040 _aMUNICIPALIDAD PROVINCIAL DEL CUSCO
_cBIBLIOTECA MUNICIPAL DEL CUSCO
082 _a869.5561 /
_bS18 / 1958
100 _aSalaverry, Carlos Augusto
_96452
245 _aSalaverry poesía /
260 _aLima :
_bUniversidad Nacional Mayor de San Marcos, Departamento de Publicaciones,
_c1958.
300 _a171 paginas ;
_c16 cm.
440 _aBiblioteca de cultura general ;
_n1
_911469
505 _aContenido : Los románticos -- La obra poética de Salaverry -- Que es el tema -- Antología poética -- Juicios críticos ...
650 _aPoesías peruanas
_91481
650 _aPoetas peruanos
_91611
650 _aSiglo XIX
_9971
700 _aEscobar, Alberto (prologo, selección y notas )
_911470
710 _aUniversidad Nacional Mayor de San Marcos
_95627
942 _2ddc
_cLIBROS
945 _arah
_d06/05/2019